Statistics for 2019-2020 Kansas City Chiefs Current Roster

Click here to take the quiz!

General Stats

  • This quiz has been taken 453 times
    (449 since last reset)
  • The average score is 19 of 38

Answer Stats

HintAnswer% Correct
QBPatrick Mahomes
100%
WRTyreek Hill
94%
TETravis Kelce
93%
RBDamien Williams
81%
DTChris Jones
79%
WRSammy Watkins
79%
CoachAndy Reid
78%
WRMecole Hardman
75%
DEFrank Clark
72%
KHarrison Butker
71%
SSTyrann Mathieu
71%
QBChad Henne
66%
WRDemarcus Robinson
66%
FBAnthony Sherman
64%
OLEric Fisher
58%
TEBlake Bell
54%
OLMitchell Schwartz
54%
PDustin Colquitt
51%
RBLeSean McCoy
49%
FSJuan Thornhill
46%
LBAnthony Hitchens
44%
CBCharvarius Ward
44%
CBBashaud Breeland
40%
CBKendell Fuller
38%
RBDarwin Thompson
36%
SSDaniel Sorensen
33%
OLLaurent Duvernay-Tardif
33%
LBDamien Wilson
30%
DTDerrick Nnadi
29%
OLAustin Reiter
28%
LBReggie Ragland
26%
LSJames Winchester
25%
OLAndrew Wylie
24%
DEAlex Okafor
21%
TEDeon Yelder
19%
DEEmmanuel Ogbah
19%
CBTremon Smith
18%
LBJeremiah Attaochu
1%

Score Distribution

Percentile by Number Answered

Percent of People with Each Score

Your Score History

You have not taken this quiz since the last reset